00420cam a2200157ua 45000010005000000080039000050400009000440820008000531000030000612450046000912500009001372600046001463000016001926530014002086530040002223026110922n ii |||gr||||Z||||||eng cMAIN a9201 aBarkakati, Hari,eAuthor.11aChandra Kumar Agarwalacby Hari Barkakati a1st. aGuahati:bPublication board assam,c2001. a24p:c23cm. aBiography aBiography of Chandra Kumar Agarwala